[Event "Pan American-ch U12"]
[Site "Santiago de Chile"]
[Date "2018.07.27"]
[Round "8"]
[White "Jodorcovsky, Alejandro David"]
[Black "Mou, Arvin"]
[Result "1-0"]
[WhiteElo "1439"]
[BlackElo "1644"]
[PlyCount "53"]
[EventDate "2018.07.22"]
[EventType "swiss"]
[EventRounds "9"]
[EventCountry "CHI"]
[SourceTitle "EXT 2022"]
[Source "ChessBase"]
[SourceDate "2021.10.06"]
[SourceVersion "1"]
[SourceVersionDate "2021.10.06"]
[SourceQuality "1"]

1. e4 c5 2. Nc3 e6 3. f4 d5 4. Bb5+ Bd7 5. Bxd7+ Qxd7 6. Nf3 Nc6 7. 0-0 d4 8. Nb5 Bd6 9. d3 Nge7 10. Na3 0-0 11. Nc4 Bc7 12. a4 b6 13. Qe1 a6 14. Bd2 b5 15. axb5 axb5 16. Rxa8 Rxa8 17. Na3 Na5 18. Qh4 Ng6 19. Qh5 Qc6 20. f5 exf5 21. exf5 Ne5 22. Ng5 h6 23. Ne4 c4 24. f6 cxd3 25. cxd3 Nxd3 26. fxg7 Ne5 27. Nf6+ 1-0